MDQL
is popping MORE tags! Check the
thread
!
Quizzes
Events
Quiz Creation
Community
Videos
Private Events
Remove Ads
Sign In
Join for FREE
Feedback
Dark Mode
Quiz Categories
Sports
Geography
Music
Movies
Television
Just For Fun
Miscellaneous
History
Literature
Language
Science
Gaming
Entertainment
Religion
Holiday
For Kids
Quiz Lab
Recent
Popular Today
Quiz Kudos Today
Editor Picks
Curator Picks
Quizzes by...
Day
Popularity
Type
Ratings
Length
Year
Community
Subscriptions
Recent Discussions
Orange Saloon
Badges
Playlists
Quests
Create
Leaderboards
Showdown
Live 5
Trivia Bingo
Activity
Puzzle Library
Sporcle Events
Private Events
Virtual Trivia
Globe League
Become a Host
Pub Owners
SporcleCon
Opinionation
Our Games
Videos
Blog
Mobile Apps
Partnerships
Remove Ads and Go Orange
Feedback
Sports
Athletes
MLB
NBA
NHL
NFL
Soccer
Sports Teams
WWE
NCAA
Football
Premier League
Basketball
Baseball
Hockey
Golf
Tennis
Cricket
Rugby
Auto Racing
Olympics
World Cup
Sports
Athletes
MLB
NBA
NHL
NFL
Soccer
Sports Teams
WWE
NCAA
Football
Premier League
Basketball
Baseball
Hockey
Golf
Tennis
Cricket
Rugby
Auto Racing
Olympics
World Cup
Random Quiz
Search Sporcle
×
Quiz Lab
Quiz Lab
Sports
Rugby
Type in answers that appear in a list
Type in answers that appear in a list
Classic
Best Score? Go Orange.
Super Rugby XVs: Crusaders Stats
Can you name the Super Rugby XVs: Crusaders?
By
Benno
15m
300 Questions
3,724 Plays
3,724 Plays
3,724 Plays
Comments
Comments
Give Quiz Kudos
Give Quiz Kudos
-
- Ratings
hide this ad
Replay
Link that replays current quiz
Next Quiz
Link to next quiz in quiz playlist
You Got
0%
They Got
Avg Score
74%
Avg Friend Score
Upgrade to see
Score Distribution
Jump to the score distribution portion of the page
Score
0/300
Timer
15:00
1
Play Today
Hint
Answer
% Correct
2003
Dan Carter
96.7%
2004
Dan Carter
96.7%
2005
Dan Carter
96.7%
2006
Dan Carter
96.7%
2008
Dan Carter
96.7%
2010
Dan Carter
96.7%
2011
Dan Carter
96.7%
2012
Dan Carter
96.7%
2013
Dan Carter
96.7%
2015
Dan Carter
96.6%
2015
Richie McCaw
95.9%
2002
Richie McCaw
95.9%
2003
Richie McCaw
95.9%
2004
Richie McCaw
95.9%
2005
Richie McCaw
95.9%
2006
Richie McCaw
95.9%
2007
Richie McCaw
95.9%
2008
Richie McCaw
95.9%
2009
Richie McCaw
95.9%
2010
Richie McCaw
95.8%
2015
Kieran Read
93.2%
2007
Kieran Read
93.1%
2008
Kieran Read
93.1%
2009
Kieran Read
93.1%
2010
Kieran Read
93.1%
2011
Kieran Read
93.1%
2012
Kieran Read
93.1%
2013
Kieran Read
93.1%
2014
Kieran Read
93.1%
2016
Kieran Read
93.1%
2016
Sam Whitelock
92.9%
2017
Sam Whitelock
92.9%
2017
Kieran Read
92.8%
2015
Sam Whitelock
92.8%
2010
Sam Whitelock
92.7%
2011
Sam Whitelock
92.7%
2012
Sam Whitelock
92.7%
2013
Sam Whitelock
92.7%
2014
Sam Whitelock
92.7%
2019
Sam Whitelock
92.5%
2019
Kieran Read
92.5%
2014
Luke Whitelock
92.2%
2018
Sam Whitelock
92%
2010
George Whitelock
91.6%
2011
George Whitelock
91.6%
2012
George Whitelock
91.6%
2013
George Whitelock
91.6%
2012
Adam Whitelock
91.3%
2019
Codie Taylor
90.8%
2019
Richie Mo'unga
90.8%
2016
Owen Franks
90.8%
2015
Owen Franks
90.7%
2017
Owen Franks
90.6%
2009
Owen Franks
90.6%
2010
Owen Franks
90.6%
2011
Owen Franks
90.6%
2013
Owen Franks
90.6%
2014
Owen Franks
90.6%
2017
Codie Taylor
90.1%
2007
Ben Franks
89.9%
2008
Ben Franks
89.9%
2010
Ben Franks
89.9%
2012
Ben Franks
89.9%
2016
Codie Taylor
89.6%
2018
Codie Taylor
89.4%
2017
Richie Mo'unga
89.4%
2018
Richie Mo'unga
89.4%
2016
Richie Mo'unga
88%
2015
Tom Taylor
87.6%
2013
Tom Taylor
87.5%
2014
Tom Taylor
87.5%
2011
Israel Dagg
87.2%
2012
Israel Dagg
87.2%
2013
Israel Dagg
87.2%
2014
Israel Dagg
87.2%
2016
Israel Dagg
87%
2019
Scott Barrett
86%
2017
Scott Barrett
85.7%
2019
Sevu Reece
85%
2018
Scott Barrett
85%
2017
Ryan Crotty
84.7%
2019
Jack Goodhue
84.6%
2000
Justin Marshall
84.5%
2001
Justin Marshall
84.5%
2002
Justin Marshall
84.5%
2003
Justin Marshall
84.5%
2004
Justin Marshall
84.5%
2005
Justin Marshall
84.5%
2016
Scott Barrett
84.4%
2015
Ryan Crotty
84.2%
2009
Ryan Crotty
84.1%
2010
Ryan Crotty
84.1%
2013
Ryan Crotty
84.1%
2014
Ryan Crotty
84.1%
2019
George Bridge
83.7%
2013
Tom Marshall
83.7%
2018
Jack Goodhue
83.5%
2019
Ryan Crotty
83.5%
2015
Andy Ellis
83.2%
2003
Brad Thorn
83.1%
Hint
Answer
% Correct
2004
Brad Thorn
83.1%
2007
Andy Ellis
83.1%
2008
Brad Thorn
83.1%
2008
Andy Ellis
83.1%
2009
Brad Thorn
83.1%
2009
Andy Ellis
83.1%
2010
Brad Thorn
83.1%
2010
Andy Ellis
83.1%
2011
Brad Thorn
83.1%
2011
Andy Ellis
83.1%
2012
Andy Ellis
83.1%
2013
Andy Ellis
83.1%
2014
Andy Ellis
83.1%
2018
Ryan Crotty
83.1%
2011
Sonny Bill Williams
82.9%
2016
Matt Todd
82.8%
2017
Matt Todd
82.8%
2017
Jack Goodhue
82.8%
2016
Andy Ellis
82.6%
2011
Matt Todd
82.5%
2012
Matt Todd
82.5%
2013
Matt Todd
82.5%
2014
Matt Todd
82.5%
2019
Joe Moody
82.4%
2008
Ali Williams
82.2%
2017
Joe Moody
81.8%
2018
George Bridge
81.5%
2015
Wyatt Crockett
81.1%
2017
George Bridge
81%
2009
Wyatt Crockett
81%
2011
Wyatt Crockett
81%
2012
Wyatt Crockett
81%
2013
Wyatt Crockett
81%
2014
Wyatt Crockett
81%
2016
Wyatt Crockett
80.9%
2019
Matt Todd
80.9%
2000
Andrew Mehrtens
80.8%
2002
Andrew Mehrtens
80.8%
2018
Matt Todd
80.6%
2000
Leon MacDonald
79.3%
2001
Leon MacDonald
79.3%
2002
Leon MacDonald
79.3%
2003
Leon MacDonald
79.3%
2005
Leon MacDonald
79.3%
2006
Leon MacDonald
79.3%
2007
Leon MacDonald
79.3%
2008
Leon MacDonald
79.3%
2009
Leon MacDonald
79.3%
2019
David Havili
79%
2017
David Havili
78.8%
2001
Aaron Mauger
78.8%
2002
Aaron Mauger
78.8%
2003
Aaron Mauger
78.8%
2004
Aaron Mauger
78.8%
2005
Aaron Mauger
78.8%
2006
Aaron Mauger
78.8%
2009
Jason MacDonald
78.6%
2003
Nathan Mauger
78.4%
2018
David Havili
77.5%
2016
David Havili
77.2%
2015
Colin Slade
77.1%
2009
Colin Slade
77.1%
2010
Colin Slade
77.1%
2014
Colin Slade
77.1%
2005
Corey Flynn
76.9%
2006
Corey Flynn
76.9%
2007
Corey Flynn
76.9%
2008
Corey Flynn
76.9%
2011
Corey Flynn
76.9%
2012
Corey Flynn
76.9%
2013
Corey Flynn
76.9%
2014
Corey Flynn
76.9%
2000
Reuben Thorne
76.8%
2001
Reuben Thorne
76.8%
2002
Reuben Thorne
76.8%
2003
Reuben Thorne
76.8%
2004
Reuben Thorne
76.8%
2005
Reuben Thorne
76.8%
2006
Reuben Thorne
76.8%
2007
Reuben Thorne
76.8%
2002
Chris Jack
76.3%
2003
Chris Jack
76.3%
2004
Chris Jack
76.3%
2005
Chris Jack
76.3%
2006
Chris Jack
76.3%
2015
David Havili
74.6%
2017
Bryn Hall
74.6%
2015
Luke Romano
74.2%
2012
Luke Romano
74.1%
2013
Luke Romano
74.1%
2019
Bryn Hall
74%
2015
Nemani Nadolo
73.9%
2014
Nemani Nadolo
73.8%
2016
Nemani Nadolo
73.3%
2018
Bryn Hall
72.7%
2000
Todd Blackadder
72.4%
2001
Todd Blackadder
72.3%
2000
Greg Somerville
72.3%
2001
Greg Somerville
72.3%
2002
Greg Somerville
72.3%
Hint
Answer
% Correct
2003
Greg Somerville
72.3%
2004
Greg Somerville
72.3%
2005
Greg Somerville
72.3%
2006
Greg Somerville
72.3%
2008
Greg Somerville
72.3%
2000
Caleb Ralph
71.7%
2001
Caleb Ralph
71.7%
2002
Caleb Ralph
71.7%
2003
Caleb Ralph
71.7%
2004
Caleb Ralph
71.7%
2005
Caleb Ralph
71.7%
2006
Caleb Ralph
71.7%
2007
Caleb Ralph
71.7%
2005
Rico Gear
71.7%
2006
Rico Gear
71.7%
2007
Rico Gear
71.7%
2000
Scott Robertson
71.1%
2001
Scott Robertson
71.1%
2002
Scott Robertson
71.1%
2003
Scott Robertson
71.1%
2010
Zac Guildford
69%
2011
Zac Guildford
69%
2012
Zac Guildford
69%
2013
Zac Guildford
69%
2017
Jordan Taufua
68.8%
2016
Jordan Taufua
68.8%
2015
Jordan Taufua
68.2%
2018
Jordan Taufua
65.3%
2010
Robbie Fruean
64.3%
2011
Robbie Fruean
64.3%
2012
Robbie Fruean
64.3%
2005
Casey Laulala
63.9%
2007
Casey Laulala
63.9%
2008
Casey Laulala
63.9%
2000
Mark Hammett
63.4%
2002
Mark Hammett
63.4%
2003
Mark Hammett
63.4%
2010
Sean Maitland
60.9%
2011
Sean Maitland
60.9%
2012
Sean Maitland
60.9%
2001
Norm Maxwell
60.5%
2000
Norm Maxwell
59.3%
2002
Norm Maxwell
59.3%
2017
Seta Tamanivalu
58.9%
2000
Greg Feek
58.3%
2001
Greg Feek
58.3%
2002
Greg Feek
58.3%
2003
Greg Feek
58.3%
2006
Scott Hamilton
58.3%
2007
Scott Hamilton
58.3%
2008
Scott Hamilton
58.3%
2004
Dave Hewett
57.5%
2005
Dave Hewett
57.5%
2000
Daryl Gibson
55.6%
2001
Daryl Gibson
55.6%
2014
Dominic Bird
54.6%
2018
Seta Tamanivalu
54.2%
2019
Michael Alaalatoa
53.7%
2018
Michael Alaalatoa
53.3%
2000
Marika Vunibaka
53.2%
2002
Marika Vunibaka
53.2%
2003
Marika Vunibaka
53.2%
2004
Marika Vunibaka
53.2%
2000
Ron Cribb
53.1%
2005
Mose Tuiali'i
53%
2006
Mose Tuiali'i
53%
2007
Mose Tuiali'i
53%
2008
Mose Tuiali'i
53%
2015
Ben Funnell
52.9%
2007
Stephen Brett
52.7%
2008
Stephen Brett
52.7%
2009
Stephen Brett
52.7%
2001
Ben Blair
52.6%
2004
Ben Blair
52.6%
2014
Johnny McNicholl
52.5%
2002
Mark Robinson
52.2%
2019
Whetu Douglas
51.9%
2016
Johnny McNicholl
51.8%
2006
Campbell Johnstone
50.1%
2007
Campbell Johnstone
50.1%
2009
Isaac Ross
49.7%
2005
Ross Filipo
48.4%
2006
Ross Filipo
48.4%
2007
Ross Filipo
48.4%
2009
Tim Bateman
47.3%
2000
Mark Mayerhofler
46.3%
2001
Afato So'oalo
45.4%
2006
Kevin Senio
45.4%
2016
Kieron Fonotia
44.9%
2001
Sam Broomhall
44.3%
2004
Sam Broomhall
44.3%
2018
Tim Perry
44.3%
2004
Cameron McIntyre
42.8%
2010
Ti'i Paulo
41.9%
2008
Kade Poki
40.9%
2009
Thomas Waldrom
39.8%
2001
Matt Sexton
39%
2009
Jared Payne
37.5%
2018
Heiden Bedwell-Curtis
36.1%
2004
Tone Kopelani
36%
Quiz Playlist
Details
Report
Send in Message
Add To Playlist
Classic:
Type in answers that appear in a list
Last Updated: Aug 17, 2017
Quiz Scoreboard
CHALLENGE
Sign Up to Join the Scoreboard
Show All
Scores
Hide
Comments
May contain spoilers
Recently Published
1-10 Letter E Words III
by El_Dandy
Language
2m
Street Fighter Characters
by Artimus82
Gaming
60s
College Basketball Coaching Resumes
by pancakes188
Sports
9m
More to Explore
Quiz From the Vault
Featured Blog Post
Where Did the Easter Bunny Come From?
hide this ad
You Might Also Like...
Tags
Rugby Quiz
Canterbury
Crusader
New Zealand
Rugby Team
Rugby Union
Starting
Starting Lineups
Super Rugby
Today's Top Quizzes in Sports
Browse Sports
hide this ad
Today's Top Quizzes in Rugby
Browse Rugby
Top Contributed Quizzes in Sports
1
2022 World Cup Stars
2
Les meilleurs buteurs des matchs entre le PSG et l’OM
3
FIFA Club World Cup Champions
4
Les entraîneurs de l'OM et du PSG au 21e siècle
5
Criteria MLB: Left Handed Sluggers
6
2023 MLB Unique Player Accomplishments
7
AFC Teams Reveal (Wrong Answers Minefield)
8
Players with Multiple 50 Home Run Seasons
9
5-to-1: FBS Animal Nicknames
10
5-to-1: UK Sports Teams
Explore More
Trending Topics
Marvel
Crossword
Disney
Kpop
Anime
Harry Potter
NBA
Pokémon
Puzzle
Song
Soccer
Country
The Office
NFL
WWE
hide this ad
More By:
Benno
Quiz
Plays
Rating
Category
Featured
Created
International Rugby XVs: England
22,552
5.00
Sports
Jul 10, 2015
British & Irish Lions touring squads
18,968
4.88
Sports
Oct 31, 2011
International Rugby XVs: Ireland
16,629
4.17
Sports
Jul 10, 2015
England Rugby World Cup squads
15,884
4.50
Sports
Sep 28, 2011
Year End Top 10 Test Cricket ICC Batting Rankings
15,312
5.00
Sports
Jan 20, 2018
Go to Creator's Profile
Score Distribution
Quiz Creator Spotlight
Benno
Follow
Send a Message
Quizzes Created
-
Created Quiz Play Count
-
More By This Creator
Popular Quizzes Today
1
Find the US States - No Outlines Minefield
2
Find the Countries of Europe - No Outlines Minefield
3
The Countries of the World
4
Find the US States
5
Risky Map Clicking: Biggest States A-Z
6
US States
7
Popular People in 1961
8
Movies - When Are They Set?
More Sports Quizzes
Profile: Mickey Mantle
Quiz Lab
Trending Quizzes
Risky Map Clicking: Least Populous States A-Z
1-10 Letter G Words
1-10 Letter F Words
Countries of the World: 200 Million BC
Risky Map Clicking: Next State Alphabetically
Recently Updated
Rides in Walt Disney World
pecheneg
Most Oscar Losses (Acting)
pecheneg
Beyoncé Albums
pecheneg
Leaping Animals
pecheneg
Reality TV Shows (A-Z)
bhenderson79
Rickey Henderson's Hall of Fame Teammates
pecheneg
Champions League XIs: Arsenal
pecheneg
Quick Pick: Celebrities in WWE's Hall of Fame
aduchscher
A-Z Keypad Blitz II
pecheneg
Multiple Oscar Actors
pecheneg
Trending Topics
Crossword
Harry Potter
NBA
Kpop
Marvel
Disney
Anime
Country
Song
Puzzle
WWE
The Office
NFL
Soccer
Pokémon
Your Account Isn't Verified!
In order to create a playlist on Sporcle, you need to verify the email address you used during registration. Go to your
Sporcle Settings
to finish the process.
Report this User
Report this user for behavior that violates our
Community Guidelines
.
Details:
Send Report
Go to the Sporcle.com Mobile Site →
Comments